00591nam a2200181Ia 4500003000900000008004100009020001800050040001600068080001500084100002700099245012200126260005000248300001400298650004100312650002400353650001700377650001500394IN-BaIIA211028s9999 xx 000 0 eng d a0-88318-659-4 cIIA Library a524.5bLOZ aLozinskaya, Tatiana A. 0aSupernovae and stellar wind in the interstellar mediumcTatiana A. Lozinskaya  aNew YorkbAmerican Institute of Physicsc1992 axi, 467p. aAstronomy and astrophysics thesaurus aInterstellar medium aStellar wind aSupernovae